| 000 | 00886nas a2200301 4500 | ||
|---|---|---|---|
| 001 | BR2015006165 | ||
| 003 | BR-BrBNA | ||
| 005 | 20231205125834.0 | ||
| 007 | ta | ||
| 008 | 230509b bl.|||p| |||| 00| 00por d | ||
| 040 |
_aBR-BrBNA _bpor _cBiblioteca Nacional de Agricultura |
||
| 041 | _a(Pt) | ||
| 072 | _aE14 | ||
| 100 | 1 | _aMonteiro, E.S. | |
| 100 | 1 | _aKhan, A.S. | |
| 100 | 1 | _aCampos, K.C. | |
| 100 | 1 | _aLima, P.V.P.S. | |
| 245 | 1 | _aInovação e tecnologia no arranjo produtivo de apicultura no nordeste paraense | |
| 650 | _aAPICULTURA | ||
| 650 | _aINOVAÇÃO | ||
| 650 | _aTECNOLOGIA | ||
| 650 | _aDESENVOLVIMENTO RURAL | ||
| 650 | _aAGRONEGÓCIO | ||
| 650 | _aPARÁ | ||
| 773 | 0 |
_tRevista de Política Agrícola (Brazil) _xISSN 1413-4969 _g(Oct-Dec 2014), v. 23(4) p. 23-34 _wBR2015006165 |
|
| 909 |
_a202311 _bLúcia _c55 _dLúcia Elande |
||
| 942 |
_2AGRIS _n0 _cANA |
||
| 999 |
_c246441 _d246441 |
||